Statistics for Countries Closest to Qatar - One Minute Sprint

Click here to take the quiz!

General Stats

  • This quiz has been taken 82 times
  • The average score is 15 of 20

Answer Stats

km country miles % Correct
0Saudi Arabia0
100%
187Iran116
99%
493Iraq306
97%
618Yemen384
96%
31United Arab
Emirates
20
96%
420Oman261
94%
1Bahrain1
91%
1620Israel1007
87%
379Kuwait236
86%
1371Jordan852
86%
1005Pakistan625
83%
1340Syria833
83%
1020Afghanistan634
72%
1370Turkey852
67%
1378Somalia856
55%
1473Eritrea915
48%
1426Turkmenistan886
43%
1555Djibouti967
42%
1460Sudan907
41%
1382Azerbaijan859
39%

Score Distribution

Percentile by Number Answered

Percent of People with Each Score

Your Score History

You have not taken this quiz